| 000 | 00000nam##2200000za#4500 |
| 001 | 9.638317 |
| 003 | CaOODSP |
| 005 | 20220901164756 |
| 007 | cr ||||||||||| |
| 008 | 150407|2004||||xxc|||||o f|0| 0 fre|d |
| 040 | |aCaOODSP|bfre |
| 043 | |an-cn--- |
| 086 | 1 |aJ4-8/2004F-PDF |
| 110 | 1 |aCanada.|bJustice Canada. |
| 245 | 10|aChangements d'attitudes chez les participants aux Programmes d'intervention auprès des partenaires violents (PIPV) : |h[ressource électronique]|bun project pilote / |c[par] Katreena Scott et Laura-Lynn Stewart. |
| 246 | 17|aDivision de la recherche et de la statistique/Ministère de la Justice Canada |
| 260 | |aOttawa - Ontario : |bJustice Canada |cDécembre 2004. |
| 300 | |a63p.|bgraphiques, tableaux |
| 504 | |aBibliographie. |
| 590 | |a11-02-Supp|b2011-01-27 |
| 691 | 07|aAttitude|2gcpds |
| 691 | 07|aViolence faite aux femmes|2gcpds |
| 720 | 1 |aScott, Katreena |
| 720 | 1 |aStewart, Laura-Lynn |
| 775 | 08|tAttitudinal change in participants of Partner Assault Response (PAR) Programs : |w(CaOODSP)9.694137 |
| 856 | 40|ahttp://publications.gc.ca|qPDF|s590 Ko|uhttps://publications.gc.ca/collections/collection_2010/justice/J4-8-2004-fra.pdf |
| 986 | |arr06fv-2f |